000 01210nam a2200289Ia 4500
001 F6056
003 IT-RoPAU
008 130308s9999 xx 000 0 und d
040 _aIT-RoPAU
040 _cIT-RoPAU
041 _aITALIANO
100 _aCostigan Lederman Linda
100 _gCodice Aut. SPICS: 51942
245 _aDebriefing (Il): verso una valutazione sistematica di teoria e pratica
245 _bGioco e Dopogioco. con 48 Giochi di relazione e Comunicazione
250 _a2a ed.
260 _aMOLFETTA (BA)
260 _bLa Meridiana
260 _c1997 [1° Ed.:1995 - Ed.Ling.Originale:1995]
300 _a"11 p. (prefazione: no ; testo: 11 [pagine: 155-165])"
500 _aRiesame della Letteratura Sul Debriefing. Definizioni e scopi del Debriefing. sette Elementi del Processo di Debriefing. Metodologia del Debriefing: un Processo Sequenziale. Descrizione del Processo di Debriefing. Saggio Tratto da simulation & Gaming del Giugno 1992, con Il titolo Originale: Debriefing: toward a Systematic Assessment Of Theory And Practice.
650 _aPEDAGOGIA DELLA COMUNICAZIONE SOCIALE
650 _eCodice materia Spics: 3804
942 _cBK
957 _71
999 _c79924
_d79924
999 _g1